[Event "World Junior Chess Championship U18 b"]
[Site "Gaziantep"]
[Date "2008.08.12"]
[Round "10.31"]
[White "Djuraev, Sokhib"]
[Black "Vocaturo, Daniele"]
[Result "1-0"]
[WhiteElo "2324"]
[BlackElo "2417"]
[PlyCount "101"]
[EventDate "2008.08.??"]
[EventType "swiss"]
[EventRounds "13"]
[EventCountry "TUR"]

1. e4 c5 2. Nf3 d6 3. d4 cxd4 4. Nxd4 Nf6 5. Nc3 a6 6. Be2 e5 7. Nb3 Be7 8. O-O
O-O 9. a4 Be6 10. Be3 Nbd7 11. a5 Rc8 12. Qd2 Qc7 13. Rfd1 Nc5 14. Nxc5 dxc5
15. Nd5 Bxd5 16. exd5 Bd6 17. Ra4 e4 18. h3 Rce8 19. f4 exf3 20. Bxf3 Nd7 21.
Bf4 Ne5 22. Re4 f5 23. Rxe5 Bxe5 24. d6 Bxf4 25. dxc7 Bxd2 26. Rxd2 Re7 27. Rd8
Rxc7 28. Bd5+ Rcf7 29. Rd7 g6 30. Rxb7 Kg7 31. Bxf7 Rxf7 32. Rb6 Rd7 33. Rxa6
Rd2 34. Rc6 Rxc2 35. b4 Rb2 36. bxc5 Ra2 37. a6 Kf7 38. Rb6 Ke8 39. h4 Kd8 40.
Kh2 Ra5 41. Kg3 Kc7 42. Kf4 Rxc5 43. Rb7+ Kd6 44. a7 Ra5 45. Rxh7 Ke6 46. Kg5
Ra2 47. g3 Ra3 48. Kh6 Kf6 49. Rg7 f4 50. gxf4 Kf5 51. Rf7+ 1-0

[Event "World Junior Chess Championship U18 b"]
[Site "Gaziantep"]
[Date "2008.08.12"]
[Round "10.32"]
[White "Neimer, Vitaly"]
[Black "Kore, Akshayraj"]
[Result "0-1"]
[WhiteElo "2316"]
[BlackElo "2392"]
[PlyCount "46"]
[EventDate "2008.08.??"]
[EventType "swiss"]
[EventRounds "13"]
[EventCountry "TUR"]

1. e4 c5 2. Nc3 Nc6 3. g3 g6 4. Bg2 Bg7 5. d3 d6 6. Nh3 Nf6 7. O-O h5 8. Nd5 h4
9. Nxf6+ Bxf6 10. g4 e5 11. c3 Be6 12. f4 exf4 13. Nxf4 h3 14. Nxe6 fxe6 15.
Bf3 Bg5 16. Qb3 O-O 17. Qxe6+ Kg7 18. Kf2 Bxc1 19. Raxc1 Qg5 20. Ke2 Ne5 21.
Rce1 Rf6 22. Qe7+ Kh6 23. Qxb7 Raf8 0-1

[Event "World Junior Chess Championship U18 b"]
[Site "Gaziantep"]
[Date "2008.08.12"]
[Round "10.33"]
[White "Stupak, Kirill"]
[Black "Yashkin, Oleg"]
[Result "1/2-1/2"]
[WhiteElo "2458"]
[BlackElo "2307"]
[PlyCount "48"]
[EventDate "2008.08.??"]
[EventType "swiss"]
[EventRounds "13"]
[EventCountry "TUR"]

1. c4 Nf6 2. Nf3 e6 3. g3 d5 4. d4 dxc4 5. Bg2 a6 6. Ne5 c5 7. e3 cxd4 8. exd4
Bb4+ 9. Nc3 Nd5 10. Bd2 Bxc3 11. bxc3 O-O 12. Nxc4 b5 13. Ne5 Bb7 14. O-O Nd7
15. Nxd7 Qxd7 16. a4 Rfc8 17. axb5 axb5 18. Qb3 h6 19. Rxa8 Bxa8 20. Ra1 Nc7
21. Bxa8 Rxa8 22. Rb1 Qc6 23. Bf4 Nd5 24. Bd2 Rc8 1/2-1/2

[Event "World Junior Chess Championship U18 b"]
[Site "Gaziantep"]
[Date "2008.08.12"]
[Round "10.34"]
[White "Serenac, Ivan"]
[Black "Caspi, Israel"]
[Result "0-1"]
[WhiteElo "2289"]
[BlackElo "2412"]
[PlyCount "90"]
[EventDate "2008.08.??"]
[EventType "swiss"]
[EventRounds "13"]
[EventCountry "TUR"]

1. e4 c5 2. Nf3 d6 3. d4 cxd4 4. Nxd4 Nf6 5. Nc3 Nc6 6. Bg5 e6 7. Qd2 Be7 8.
O-O-O O-O 9. Nb3 Qb6 10. f3 Rd8 11. Be3 Qc7 12. Qf2 Nd7 13. g4 a6 14. g5 b5 15.
h4 Rb8 16. Kb1 Nb6 17. Bd3 Ne5 18. Bc1 Bb7 19. f4 Nxd3 20. cxd3 Na4 21. Ne2 Nc5
22. Ng3 Nxb3 23. axb3 d5 24. e5 d4 25. f5 exf5 26. Nxf5 Bxh1 27. Rxh1 Bf8 28.
Rg1 Rb6 29. h5 Qxe5 30. Nh6+ gxh6 31. gxh6+ Kh8 32. Bf4 Qxh5 33. Bg5 Rdd6 34.
Qf5 Qg6 35. Qc8 Qg8 36. Re1 Be7 37. Qxg8+ Kxg8 38. Rxe7 Kf8 39. Ra7 Re6 40. b4
Rbd6 41. Ka2 Rd5 42. Bf4 Rf5 43. Ra8+ Ke7 44. Bd2 Kf6 45. Kb3 Rf2 0-1

[Event "World Junior Chess Championship U18 b"]
[Site "Gaziantep"]
[Date "2008.08.12"]
[Round "10.35"]
[White "Enchev, Ivajlo"]
[Black "Rzayev, Bahruz"]
[Result "1-0"]
[WhiteElo "2367"]
[BlackElo "2245"]
[PlyCount "61"]
[EventDate "2008.08.??"]
[EventType "swiss"]
[EventRounds "13"]
[EventCountry "TUR"]

1. c4 e5 2. Nc3 Nc6 3. Nf3 Nf6 4. g3 d5 5. cxd5 Nxd5 6. d3 Be7 7. Bg2 O-O 8.
O-O Be6 9. a3 a5 10. Bd2 h6 11. Rc1 Nxc3 12. Bxc3 Bf6 13. Qa4 Qd7 14. Rfe1 Rfd8
15. Nd2 Bg5 16. h4 Bxd2 17. Bxd2 Bd5 18. Rc5 Bxg2 19. Kxg2 Qd6 20. Qc4 Rd7 21.
Bc3 Kh8 22. Qb5 Re8 23. b4 axb4 24. axb4 e4 25. dxe4 Nd4 26. Qxb7 c6 27. Qb6
Rxe4 28. e3 Nb5 29. Rxc6 Qd5 30. Rxh6+ Kg8 31. Rh8+ 1-0

[Event "World Junior Chess Championship U18 b"]
[Site "Gaziantep"]
[Date "2008.08.12"]
[Round "10.36"]
[White "Constantinou, Peter"]
[Black "Kulakov, Viacheslav"]
[Result "1/2-1/2"]
[WhiteElo "2225"]
[BlackElo "2360"]
[PlyCount "94"]
[EventDate "2008.08.??"]
[EventType "swiss"]
[EventRounds "13"]
[EventCountry "TUR"]

1. d4 d5 2. Bf4 Nf6 3. e3 Bf5 4. c4 c6 5. Nc3 dxc4 6. Bxc4 e6 7. Nf3 Nd5 8. Bg3
Bd6 9. O-O O-O 10. Qe2 Bg4 11. Ne4 Bc7 12. Nc5 Bxg3 13. hxg3 Qc7 14. Rac1 Nd7
15. Bd3 N5f6 16. Nxd7 Qxd7 17. Qc2 Bxf3 18. gxf3 h6 19. f4 Rfd8 20. Be2 Qd5 21.
Qc4 Qf5 22. Qb3 Rab8 23. Bf3 Ne4 24. Qc2 Nd6 25. Qxf5 Nxf5 26. Rc5 Kf8 27. Rfc1
Nd6 28. b4 Ke7 29. a4 Rdc8 30. Kf1 Kd7 31. Ke2 Ke7 32. Kd3 Kd7 33. g4 a6 34.
Rh1 b6 35. Rc3 a5 36. bxa5 bxa5 37. Rhc1 Rb6 38. Rc5 Nb7 39. R5c2 Nd6 40. Bg2
Rb3+ 41. Rc3 Rb6 42. R1c2 Ra6 43. Rb3 Rc7 44. Bf3 Nc8 45. Rbc3 Ne7 46. Rc5 Rb7
47. Kc3 Rb4 1/2-1/2

[Event "World Junior Chess Championship U18 b"]
[Site "Gaziantep"]
[Date "2008.08.12"]
[Round "10.37"]
[White "Haridas, Pascua"]
[Black "Kjartansson, Gudmundur"]
[Result "1/2-1/2"]
[WhiteElo "2174"]
[BlackElo "2328"]
[PlyCount "90"]
[EventDate "2008.08.??"]
[EventType "swiss"]
[EventRounds "13"]
[EventCountry "TUR"]

1. d4 Nf6 2. c4 e6 3. Nf3 b6 4. g3 Ba6 5. b3 Bb4+ 6. Bd2 Be7 7. Bg2 c6 8. Bc3
d5 9. Ne5 Nbd7 10. Nxd7 Nxd7 11. Nd2 O-O 12. O-O Rc8 13. e4 dxe4 14. Nxe4 b5
15. Re1 bxc4 16. Bf1 Nb6 17. Nc5 Nd5 18. Qc1 Nxc3 19. Qxc3 Bxc5 20. dxc5 Qc7
21. bxc4 Rcd8 22. Qa3 Bc8 23. Rad1 Rxd1 24. Rxd1 e5 25. Rd6 Be6 26. Qb2 e4 27.
Qe5 Qa5 28. Qxe4 Qxa2 29. Bd3 g6 30. h4 Bf5 31. Qe3 Qb3 32. Bxf5 Qxe3 33. fxe3
gxf5 34. Rxc6 Re8 35. Rd6 Re4 36. Rd5 Rxc4 37. Kf2 a5 38. c6 a4 39. Rd4 Rxc6
40. Rxa4 Kg7 41. Ra5 Kg6 42. Kf3 Rb6 43. Rd5 Re6 44. Kf4 Re4+ 45. Kf3 Re6
1/2-1/2

[Event "World Junior Chess Championship U18 b"]
[Site "Gaziantep"]
[Date "2008.08.12"]
[Round "10.38"]
[White "Dragicevic, Drazen"]
[Black "Plenca, Julijan"]
[Result "1/2-1/2"]
[WhiteElo "2302"]
[BlackElo "2295"]
[PlyCount "156"]
[EventDate "2008.08.??"]
[EventType "swiss"]
[EventRounds "13"]
[EventCountry "TUR"]

1. e4 e6 2. d4 d5 3. Nd2 Nf6 4. Bd3 c5 5. c3 cxd4 6. cxd4 dxe4 7. Nxe4 Bb4+ 8.
Nc3 O-O 9. Nf3 Nc6 10. O-O Be7 11. a3 b6 12. Re1 Bb7 13. Bc2 Re8 14. Qd3 Rc8
15. Bg5 g6 16. Rad1 Nd5 17. Bxe7 Ncxe7 18. Ne4 Nf5 19. Ba4 Re7 20. Ne5 Rec7 21.
Qd2 Nf6 22. Nxf6+ Qxf6 23. Bb3 Bd5 24. Bxd5 exd5 25. Qf4 Rc2 26. Qf3 Kg7 27.
Qxd5 Rxb2 28. Ng4 Qd6 29. Qxd6 Nxd6 30. Re7 Rd2 31. Rb1 Rxd4 32. h3 h5 33. Ne3
Ra4 34. Rd1 Kf8 35. Rd7 Ne4 36. R7d3 Nc5 37. Rc3 Re8 38. g4 hxg4 39. hxg4 Kg7
40. Kg2 Rh8 41. f3 Ne6 42. Nf1 Nf4+ 43. Kf2 Re8 44. Ng3 Ne6 45. Ne4 Rd4 46.
Rxd4 Nxd4 47. Rc7 a5 48. Rd7 Nc6 49. Rc7 Ne5 50. Rb7 Nxg4+ 51. Kg3 Ne5 52. Rxb6
Re7 53. Ra6 Nc4 54. a4 f5 55. Nc5 Kh6 56. Ne6 Kh7 57. Nf8+ Kg7 58. Nxg6 Rb7 59.
Nh4 Rb4 60. Nxf5+ Kf7 61. f4 Rxa4 62. Rc6 Ra3+ 63. Kg4 Nd2 64. Rc7+ Kf6 65.
Rc6+ Kf7 66. Nd6+ Ke7 67. Nc8+ Kf7 68. Kf5 Rd3 69. Rc7+ Ke8 70. Kf6 Ne4+ 71.
Ke6 Rd7 72. Rc4 Nd2 73. Rc5 Nb3 74. Rh5 Nd4+ 75. Kf6 Rc7 76. Re5+ Kd8 77. Rd5+
Rd7 78. Rxd7+ Kxd7 1/2-1/2

[Event "World Junior Chess Championship U18 b"]
[Site "Gaziantep"]
[Date "2008.08.12"]
[Round "10.39"]
[White "Martins, Vinicius Tine"]
[Black "Hughes, Tyler B"]
[Result "0-1"]
[WhiteElo "2292"]
[BlackElo "2161"]
[PlyCount "59"]
[EventDate "2008.08.??"]
[EventType "swiss"]
[EventRounds "13"]
[EventCountry "TUR"]

1. e4 c5 2. Nf3 e6 3. d4 cxd4 4. Nxd4 a6 5. Bd3 Bc5 6. Nb3 Be7 7. Be3 d6 8.
N1d2 Nf6 9. f4 Nc6 10. c3 e5 11. f5 d5 12. Qf3 g6 13. g4 gxf5 14. gxf5 a5 15.
a4 dxe4 16. Bxe4 Nxe4 17. Nxe4 Qd3 18. f6 Bg4 19. Qxg4 Qxe3+ 20. Qe2 Qxe2+ 21.
Kxe2 Bf8 22. Rad1 Rd8 23. Nbc5 Bxc5 24. Nxc5 Rg8 25. Kf3 Rg6 26. Ne4 Rh6 27.
Rxd8+ Nxd8 28. h4 Kd7 29. Rd1+ Kc7 30. Rh1 0-1

[Event "World Junior Chess Championship U18 b"]
[Site "Gaziantep"]
[Date "2008.08.12"]
[Round "10.40"]
[White "Deruni, Berc"]
[Black "Mijovic, Stefan"]
[Result "1/2-1/2"]
[WhiteElo "2032"]
[BlackElo "2289"]
[PlyCount "79"]
[EventDate "2008.08.??"]
[EventType "swiss"]
[EventRounds "13"]
[EventCountry "TUR"]

1. d4 d5 2. c4 e6 3. Nc3 Be7 4. Nf3 Nf6 5. cxd5 exd5 6. Bg5 c6 7. Qc2 g6 8. e3
Bf5 9. Bd3 Bxd3 10. Qxd3 Nbd7 11. Bh6 Ng4 12. Bf4 O-O 13. h3 Ngf6 14. O-O Re8
15. Rab1 a5 16. Bh2 Nb6 17. Ne5 Nfd7 18. f4 Bf8 19. e4 Nf6 20. exd5 Nbxd5 21.
f5 Bg7 22. a3 Nd7 23. Nxd5 Nxe5 24. dxe5 Qxd5 25. Qxd5 cxd5 26. f6 Bf8 27. Rbd1
Red8 28. Rd3 a4 29. g4 Bc5+ 30. Kg2 Ra5 31. Rfd1 Bb6 32. g5 Kf8 33. Re1 Rc8 34.
e6 Rc2+ 35. Kh1 fxe6 36. Rxe6 Rc1+ 37. Kg2 Rc2+ 38. Kh1 Rc1+ 39. Kg2 Rc2+ 40.
Kh1 1/2-1/2

[Event "World Junior Chess Championship U18 b"]
[Site "Gaziantep"]
[Date "2008.08.12"]
[Round "10.41"]
[White "Niemi, Mikko"]
[Black "Ilic, Slavisa"]
[Result "0-1"]
[WhiteElo "2214"]
[BlackElo "2081"]
[PlyCount "86"]
[EventDate "2008.08.??"]
[EventType "swiss"]
[EventRounds "13"]
[EventCountry "TUR"]

1. c4 Nf6 2. g3 c6 3. Bg2 d5 4. Nf3 g6 5. b3 Bg7 6. Bb2 O-O 7. O-O Re8 8. d4
Ne4 9. e3 Bf5 10. Nfd2 Nd7 11. cxd5 cxd5 12. Nxe4 Bxe4 13. Bxe4 dxe4 14. Nc3 f5
15. f3 exf3 16. Qxf3 e5 17. Qxb7 exd4 18. Qd5+ Kh8 19. exd4 Nb6 20. Qxd8 Raxd8
21. Nb5 a6 22. Nc7 Re2 23. Bc3 Rc2 24. Ne6 Re8 25. Nxg7 Ree2 26. Rf3 Kxg7 27.
d5+ Kf7 28. d6 Ke6 29. Rd3 Kd7 30. a4 Rg2+ 31. Kf1 Rxh2 32. Bd4 Nd5 33. Bg1
Rhd2 34. Rd1 Rxd1+ 35. Rxd1 Nf6 36. Rd3 Ne4 37. b4 Rb2 38. Bc5 a5 39. g4 axb4
40. Bd4 Ra2 41. gxf5 gxf5 42. Be5 b3 43. Rd5 b2 0-1

[Event "World Junior Chess Championship U18 b"]
[Site "Gaziantep"]
[Date "2008.08.12"]
[Round "10.42"]
[White "Alvarez Ramirez, Miguel Angel"]
[Black "Grover, Sahaj"]
[Result "1-0"]
[WhiteElo "2194"]
[BlackElo "2306"]
[PlyCount "69"]
[EventDate "2008.08.??"]
[EventType "swiss"]
[EventRounds "13"]
[EventCountry "TUR"]

1. d4 Nf6 2. c4 e6 3. Nc3 Bb4 4. e3 O-O 5. Nge2 d5 6. a3 Be7 7. cxd5 exd5 8. g3
c6 9. Bg2 Na6 10. O-O Nc7 11. b4 Bf5 12. h3 a5 13. bxa5 Rxa5 14. g4 Bd7 15. Bd2
Rxa3 16. Rxa3 Bxa3 17. Qb3 Bd6 18. Qxb7 h5 19. g5 Ne4 20. Nxe4 dxe4 21. h4 f6
22. Ng3 fxg5 23. Nxe4 gxh4 24. Nxd6 h3 25. Bxc6 Rf6 26. Bxd7 Qxd7 27. Qc8+ Qxc8
28. Nxc8 Kf7 29. e4 Nb5 30. Be3 Rc6 31. Rb1 Nc3 32. Rb7+ Ke8 33. Ne7 Rf6 34.
Nd5 Rg6+ 35. Kh2 1-0

[Event "World Junior Chess Championship U18 b"]
[Site "Gaziantep"]
[Date "2008.08.12"]
[Round "10.43"]
[White "Sousa, Ricardo"]
[Black "McPhillips, Karl"]
[Result "1/2-1/2"]
[WhiteElo "2133"]
[BlackElo "2221"]
[PlyCount "78"]
[EventDate "2008.08.??"]
[EventType "swiss"]
[EventRounds "13"]
[EventCountry "TUR"]

1. Nf3 Nf6 2. g3 d5 3. Bg2 Bf5 4. O-O e6 5. d3 h6 6. Nbd2 Be7 7. c3 O-O 8. Qc2
Nbd7 9. a3 a5 10. b3 c6 11. Bb2 e5 12. e4 Bh7 13. Rfe1 Qc7 14. Nh4 dxe4 15.
dxe4 Rad8 16. b4 c5 17. bxa5 c4 18. Nf5 Bxf5 19. exf5 Nc5 20. Re2 Nd3 21. Rb1
Bc5 22. Bc1 b6 23. a6 Rd7 24. Ne4 Nxe4 25. Bxe4 Rfd8 26. Kg2 Bxf2 27. Qa4 b5
28. Qxb5 Ba7 29. Qc6 Qa5 30. Qxc4 Rc7 31. Qa2 Qxa6 32. Be3 Bxe3 33. Rxe3 Rcd7
34. Re2 Nc5 35. Bf3 e4 36. Bg4 Qf6 37. Qc4 Qg5 38. Qxc5 Qxg4 39. Qe3 Rd3
1/2-1/2

[Event "World Junior Chess Championship U18 b"]
[Site "Gaziantep"]
[Date "2008.08.12"]
[Round "10.44"]
[White "Vavric, Pavel"]
[Black "Aydogdu, Ataman"]
[Result "1-0"]
[WhiteElo "2218"]
[BlackElo "2050"]
[PlyCount "77"]
[EventDate "2008.08.??"]
[EventType "swiss"]
[EventRounds "13"]
[EventCountry "TUR"]

1. d4 Nf6 2. c4 e6 3. Nf3 d5 4. Nc3 Nbd7 5. Bg5 c6 6. e3 Qa5 7. Nd2 Bb4 8. Bxf6
Nxf6 9. Qc2 O-O 10. Bd3 Re8 11. O-O e5 12. cxd5 Bxc3 13. Nc4 Qxd5 14. bxc3 exd4
15. cxd4 b6 16. Ne5 b5 17. Be2 Bb7 18. Bf3 Qd6 19. Rac1 Rac8 20. Qb3 Re7 21.
Rc5 Qxc5 22. dxc5 Rxe5 23. Qc3 Re7 24. Rd1 Nd5 25. Qa5 a6 26. e4 Nc7 27. g3 Ne6
28. Bg4 Rce8 29. Bxe6 fxe6 30. e5 Rf8 31. f4 g6 32. Rd8 Kg7 33. Rxf8 Kxf8 34.
Qd8+ Re8 35. Qf6+ Kg8 36. h4 a5 37. g4 a4 38. h5 gxh5 39. gxh5 1-0

[Event "World Junior Chess Championship U18 b"]
[Site "Gaziantep"]
[Date "2008.08.12"]
[Round "10.45"]
[White "Oliver, Gareth"]
[Black "Vural, Ozge"]
[Result "1-0"]
[WhiteElo "2196"]
[BlackElo "1853"]
[PlyCount "107"]
[EventDate "2008.08.??"]
[EventType "swiss"]
[EventRounds "13"]
[EventCountry "TUR"]

1. d4 Nf6 2. c4 g6 3. Nc3 Bg7 4. e4 d6 5. Be2 O-O 6. Nf3 e5 7. O-O Nc6 8. d5
Ne7 9. b4 Nh5 10. Re1 f5 11. Ng5 Nf6 12. f3 c6 13. Be3 Bh6 14. h4 cxd5 15. cxd5
f4 16. Bf2 Bxg5 17. hxg5 Nh5 18. Rc1 Bd7 19. Bb5 Nc8 20. Qd2 Rf7 21. Bxd7 Rxd7
22. Rc2 Qxg5 23. Nb5 Qd8 24. Rec1 Ng7 25. a4 Ne8 26. a5 Rf7 27. Rc3 a6 28. Na3
Rc7 29. Nc4 Qe7 30. Qc2 Kf8 31. Qa4 Nf6 32. Bh4 Qd7 33. Qxd7 Nxd7 34. Bd8 Rxc4
35. Rxc4 Na7 36. Bb6 Nb5 37. Rc8+ Rxc8 38. Rxc8+ Kf7 39. Bf2 g5 40. Bb6 h6 41.
Kf2 Nf6 42. Rb8 Nd7 43. Rh8 Nf6 44. Rxh6 Kg7 45. Rh1 g4 46. Rc1 g3+ 47. Kf1 Kf7
48. Rc8 Nd7 49. Bd8 Nf8 50. Bh4 Nd7 51. Rd8 Nf8 52. Rb8 Nd7 53. Rxb7 Ke8 54.
Bg5 1-0

[Event "World Junior Chess Championship U18 b"]
[Site "Gaziantep"]
[Date "2008.08.12"]
[Round "10.47"]
[White "Acarbay, Aydin"]
[Black "Nukin, Askhat"]
[Result "0-1"]
[WhiteElo "1825"]
[BlackElo "2244"]
[PlyCount "72"]
[EventDate "2008.08.??"]
[EventType "swiss"]
[EventRounds "13"]
[EventCountry "TUR"]

1. d4 Nf6 2. c4 e6 3. Nf3 c5 4. d5 b5 5. Qc2 bxc4 6. e4 exd5 7. exd5 Be7 8.
Bxc4 O-O 9. O-O d6 10. b3 Bg4 11. Nbd2 Nbd7 12. Bb2 Nb6 13. Ng5 h6 14. Bxf6
hxg5 15. Bc3 Bf6 16. Rae1 Nd7 17. Ne4 Be5 18. Bd2 Bf5 19. Bd3 Bxe4 20. Bxe4 Qf6
21. Re3 g6 22. Rf3 Qe7 23. Bd3 f5 24. Re3 Rf7 25. Bc3 Rh7 26. Bxe5 Nxe5 27. f3
Qg7 28. Rfe1 Qh6 29. h3 g4 30. fxg4 fxg4 31. Qc3 Qf4 32. Re4 Nf3+ 33. gxf3 Qg3+
34. Kf1 Qxf3+ 35. Kg1 Rf8 36. R4e2 Qxh3 0-1

[Event "World Junior Chess Championship U18 b"]
[Site "Gaziantep"]
[Date "2008.08.12"]
[Round "10.52"]
[White "Ramsurrup, Pratish"]
[Black "Ozdover, Mustafa Berkay"]
[Result "1-0"]
[WhiteElo "1809"]
[BlackElo "1768"]
[PlyCount "51"]
[EventDate "2008.08.??"]
[EventType "swiss"]
[EventRounds "13"]
[EventCountry "TUR"]

1. e4 d6 2. d4 g6 3. Nc3 Bg7 4. f4 Nf6 5. Bd3 Nc6 6. d5 Nb8 7. Bc4 e6 8. dxe6
Bxe6 9. Bxe6 fxe6 10. Nf3 Nc6 11. O-O O-O 12. Kh1 Qe7 13. e5 dxe5 14. fxe5 Ng4
15. Bg5 Qf7 16. Qe2 Qf5 17. Ne4 Ngxe5 18. Rae1 Nxf3 19. Rxf3 Qe5 20. Bf6 Qd5
21. Rd1 Qh5 22. Ng3 Qc5 23. Qxe6+ Kh8 24. Bxg7+ Kxg7 25. Rd7+ Kh8 26. Rff7 1-0

[Event "World Junior Chess Championship U18 g"]
[Site "Gaziantep"]
[Date "2008.08.03"]
[Round "1.1"]
[White "Harika, Dronavalli"]
[Black "Davletbazeva, Madina"]
[Result "1-0"]
[WhiteElo "2461"]
[BlackElo "2155"]
[PlyCount "70"]
[EventDate "2008.08.??"]
[EventType "swiss"]
[EventRounds "13"]
[EventCountry "TUR"]

1. Nf3 Nf6 2. c4 e6 3. Nc3 b6 4. g3 Bb7 5. Bg2 Be7 6. O-O O-O 7. Re1 d5 8. cxd5
exd5 9. d4 c5 10. Bf4 Nc6 11. Rc1 Ne4 12. dxc5 Nxc3 13. Rxc3 bxc5 14. a3 Na5
15. Rc1 Bd6 16. Bxd6 Qxd6 17. Nd2 Rfd8 18. Qc2 c4 19. e4 dxe4 20. Nxe4 Qb6 21.
Ng5 g6 22. Bxb7 Qxb7 23. Rcd1 Qb3 24. Rxd8+ Rxd8 25. Qe2 Qd3 26. Qe5 Qf5 27.
Qe7 Nc6 28. Qc7 Qxg5 29. Qxc6 Qd2 30. Re7 Qxb2 31. Qxc4 Qf6 32. Qe4 Qa1+ 33.
Kg2 Qxa3 34. h4 Qd6 35. h5 Qd5 1-0

[Event "World Junior Chess Championship U18 g"]
[Site "Gaziantep"]
[Date "2008.08.03"]
[Round "1.2"]
[White "Toth, Sarolta"]
[Black "Muzychuk, Mariya"]
[Result "0-1"]
[WhiteElo "2151"]
[BlackElo "2413"]
[PlyCount "54"]
[EventDate "2008.08.??"]
[EventType "swiss"]
[EventRounds "13"]
[EventCountry "TUR"]

1. c4 e5 2. Nc3 Nc6 3. g3 g6 4. Bg2 Bg7 5. e4 d6 6. Nge2 f5 7. d3 Nf6 8. O-O
O-O 9. f4 Be6 10. Nd5 Qd7 11. Qc2 Rae8 12. Be3 fxe4 13. dxe4 Ng4 14. Bd2 exf4
15. Ndxf4 Nd4 16. Nxd4 Bxd4+ 17. Kh1 Nf2+ 18. Rxf2 Bxf2 19. Bc3 Bb6 20. b3 c6
21. Qd2 Bd8 22. Rd1 Bg4 23. Qxd6 Qxd6 24. Rxd6 Bc7 25. Rf6 Rxf6 26. Bxf6 Kf7
27. Bd4 Rd8 0-1

[Event "World Junior Chess Championship U18 g"]
[Site "Gaziantep"]
[Date "2008.08.03"]
[Round "1.3"]
[White "Bodnaruk, Anastasia"]
[Black "Klimets, Elena"]
[Result "1/2-1/2"]
[WhiteElo "2394"]
[BlackElo "2150"]
[PlyCount "169"]
[EventDate "2008.08.??"]
[EventType "swiss"]
[EventRounds "13"]
[EventCountry "TUR"]

1. e4 d6 2. d4 Nf6 3. Nc3 g6 4. f4 Bg7 5. Nf3 O-O 6. Bd3 Na6 7. O-O c5 8. d5
Bg4 9. Bc4 Nc7 10. h3 Bxf3 11. Qxf3 e6 12. dxe6 fxe6 13. Be3 Qe7 14. e5 dxe5
15. Qxb7 Rfb8 16. Qc6 Rb6 17. Qf3 Rxb2 18. Na4 e4 19. Qf2 Ncd5 20. Bxc5 e3 21.
Qf3 Qc7 22. Bb3 Rb8 23. Bxe3 Rxc2 24. Rac1 Rxc1 25. Rxc1 Qd6 26. Bxa7 Ra8 27.
Be3 Qb4 28. Nb2 Rxa2 29. Bxa2 Qxb2 30. Bc4 Bf8 31. Bxd5 Nxd5 32. Rc8 Kf7 33.
Bf2 Bd6 34. g3 Bc7 35. Ra8 Bb6 36. Bxb6 Qxb6+ 37. Qf2 h5 38. Qxb6 Nxb6 39. Ra6
Nd5 40. Kg2 h4 41. Ra4 hxg3 42. Kxg3 Kf6 43. Kg4 Ne3+ 44. Kf3 Nd5 45. Re4 Nc3
46. Re5 Nd5 47. Kg4 Ne7 48. h4 Nd5 49. h5 gxh5+ 50. Rxh5 Ne3+ 51. Kf3 Nf5 52.
Rh8 Kg7 53. Ra8 Kf6 54. Ra5 Nd6 55. Ra6 Nf5 56. Ra8 Nd6 57. Rh8 Nf5 58. Ke4
Ng3+ 59. Kd4 Ne2+ 60. Ke3 Ng3 61. Rh6+ Kf7 62. Rh8 Kf6 63. Rg8 Nf5+ 64. Ke4
Nd6+ 65. Kd4 Nf5+ 66. Kc5 Kf7 67. Rh8 Kg7 68. Rd8 Kf6 69. Rh8 Kg7 70. Rh5 Kg6
71. Rg5+ Kf6 72. Rg8 Kf7 73. Rb8 Kf6 74. Kc6 e5 75. Rf8+ Ke6 76. Re8+ Ne7+ 77.
Kc7 exf4 78. Kd8 f3 79. Rxe7+ Kf5 80. Kd7 Kf4 81. Kd6 f2 82. Kd5 Kf3 83. Rf7+
Ke2 84. Re7+ Kd2 85. Kd6 1/2-1/2

[Event "World Junior Chess Championship U18 g"]
[Site "Gaziantep"]
[Date "2008.08.03"]
[Round "1.4"]
[White "Kazimova, Narmin"]
[Black "Nemcova, Katerina"]
[Result "0-1"]
[WhiteElo "2148"]
[BlackElo "2372"]
[PlyCount "127"]
[EventDate "2008.08.??"]
[EventType "swiss"]
[EventRounds "13"]
[EventCountry "TUR"]

1. c4 e5 2. Nc3 Nc6 3. Nf3 Nf6 4. d4 exd4 5. Nxd4 Bb4 6. Bg5 Bxc3+ 7. bxc3 O-O
8. e3 h6 9. Bh4 Ne5 10. Be2 Ng6 11. Bg3 d6 12. Qc2 Re8 13. Rd1 Qe7 14. O-O Ne4
15. Rfe1 a6 16. Bd3 Nf8 17. Bxe4 Qxe4 18. Qxe4 Rxe4 19. f3 Re7 20. e4 Be6 21.
Nxe6 Nxe6 22. Bf2 f6 23. g3 Rae8 24. Kg2 b6 25. a4 a5 26. h3 Nd8 27. h4 Nc6 28.
h5 f5 29. exf5 Rxe1 30. Bxe1 Re2+ 31. Bf2 Ne5 32. Rd4 Ra2 33. Rd1 Nxc4 34. Kg1
Ne5 35. Kg2 Rxa4 36. f4 Ng4 37. Bd4 Nf6 38. Re1 Kf7 39. Kf3 Rc4 40. g4 c5 41.
Bxf6 gxf6 42. Re6 Rxc3+ 43. Ke2 Rc2+ 44. Ke3 Rc3+ 45. Ke2 Rc4 46. Rxd6 Rxf4 47.
Rxb6 Rxg4 48. Rb5 Re4+ 49. Kf3 Re5 50. Kf4 c4 51. Rb7+ Re7 52. Rb5 Rc7 53. Rxa5
c3 54. Ra1 c2 55. Rc1 Ke7 56. Ke4 Kd6 57. Kd4 Rc8 58. Ke4 Rc4+ 59. Kd3 Kd5 60.
Ke3 Rc3+ 61. Kd2 Kd4 62. Ke2 Rc6 63. Kd2 Rc5 64. Ra1 0-1

[Event "World Junior Chess Championship U18 g"]
[Site "Gaziantep"]
[Date "2008.08.03"]
[Round "1.5"]
[White "Foisor, Sabina-Francesca"]
[Black "Hamrakulova, Yulduz"]
[Result "1/2-1/2"]
[WhiteElo "2337"]
[BlackElo "2145"]
[PlyCount "124"]
[EventDate "2008.08.??"]
[EventType "swiss"]
[EventRounds "13"]
[EventCountry "TUR"]

1. d4 d5 2. c4 dxc4 3. Nf3 Nf6 4. e3 e6 5. Bxc4 c5 6. O-O a6 7. Bb3 cxd4 8.
exd4 Nc6 9. Nc3 Be7 10. a3 O-O 11. Re1 Na5 12. Bc2 b5 13. Qd3 Bb7 14. Bg5 g6
15. Rad1 Nc4 16. Bc1 Rc8 17. Bb3 Qc7 18. Ne5 Nxe5 19. dxe5 Rfd8 20. Qe2 Rxd1
21. Rxd1 Nd7 22. Bf4 Rd8 23. Bc2 Nb6 24. Be4 Rxd1+ 25. Qxd1 Nc4 26. Bxb7 Qxb7
27. Qe2 Qc7 28. h3 Nxa3 29. Qf3 Nc4 30. Qa8+ Kg7 31. Qxa6 b4 32. Nb5 Qb6 33.
Qxb6 Nxb6 34. b3 Nd5 35. Bd2 Bc5 36. Kf1 Kf8 37. Ke2 Ke7 38. f3 Kd7 39. Kd3 Kc6
40. Nd4+ Kb6 41. Ne2 Ne7 42. f4 Nc6 43. Ke4 Na5 44. Nc1 h5 45. g4 hxg4 46. hxg4
Kc6 47. Be1 Be7 48. Bf2 Kb5 49. Be3 Kc6 50. f5 gxf5+ 51. gxf5 exf5+ 52. Kxf5
Bd8 53. Ba7 Be7 54. Be3 Bd8 55. Bh6 Be7 56. Ke4 Nb7 57. Nd3 Na5 58. Bd2 Nxb3
59. Bxb4 Bxb4 60. Nxb4+ Kd7 61. Kf5 Nd4+ 62. Kf6 Nf3 1/2-1/2

[Event "World Junior Chess Championship U18 g"]
[Site "Gaziantep"]
[Date "2008.08.03"]
[Round "1.6"]
[White "Tjolsen, Katrine"]
[Black "Majdan, Joanna"]
[Result "0-1"]
[WhiteElo "2121"]
[BlackElo "2323"]
[PlyCount "58"]
[EventDate "2008.08.??"]
[EventType "swiss"]
[EventRounds "13"]
[EventCountry "TUR"]

1. Nf3 Nf6 2. c4 g6 3. Nc3 Bg7 4. e4 d6 5. d4 O-O 6. Be2 c5 7. O-O cxd4 8. Nxd4
Nc6 9. Be3 Bd7 10. Qd2 Nxd4 11. Bxd4 Bc6 12. f3 a5 13. b3 Nd7 14. Be3 Nc5 15.
Rab1 Qb6 16. Rfc1 Rfc8 17. Bf1 h5 18. Nd5 Bxd5 19. cxd5 Qb4 20. Be2 Qxd2 21.
Bxd2 a4 22. b4 Nb3 23. Rd1 Nxd2 24. Rxd2 Bh6 25. Rbb2 a3 26. Rbc2 Bxd2 27. Rxd2
Rc1+ 28. Kf2 Rb1 29. Bd1 Rxb4 0-1